The new Encyclopaedia Britannica

Đã lưu trong:
Bibliografiske detaljer
Hovedforfatter: Safra, Jacob
Format: Ukendt
Sprog:English
Udgivet: USA 2010
Fag:
Tags: Tilføj Tag
Ingen Tags, Vær først til at tagge denne postø!
Thư viện lưu trữ: Mạng thư viện Đại học Đà Nẵng
LEADER 00993ca a2200313 4500
001 000030614
003 4225
005 20151021000000.0
008 151001s2010 000 eng
020 |a 9781593398378 
041 |a eng 
082 |a 423  |b SA-J 
100 |a Safra, Jacob 
245 |a The new Encyclopaedia Britannica  |c Jacob E. Safra, President Chicago… 
260 |a USA  |c 2010 
300 |a 744p. : ill ; 30cm 
650 |a Encyclopaedia , Dictionary 
852 |b Chuyên đề  |c Từ điền 1 
OWN |a LNN 
AVA |a UDN50  |b LNN  |d 423 SA-J  |e available  |t Error 5001 Not defined in file expand_doc_bib_avail.  |f 1  |g 0  |h N  |i 0  |k 1 
999 |a From the UDN01 
AVA |a UDN50  |b LNN  |d 423 SA-J  |e available  |t Error 5001 Not defined in file expand_doc_bib_avail.  |f 1  |g 0  |h N  |i 0  |k 1 
980 |a Mạng thư viện Đại học Đà Nẵng